000 00263nam a2200097Ia 4500
001 1204874
005 20250827022736.0
008 250824s9999 xx 000 0 und d
245 0 _aÖZEL DEDEKTİF SAXBY SMART
_cSIMON CHESHIRE
260 _bALTIN KİTAPLAR YAYINLARI
999 _c1204874
_d1204874